|
|
|
|
| LEADER |
00000nam a22000005a 4500 |
| 001 |
vtls008855731 |
| 003 |
SK-MaSNL |
| 005 |
20260301165734.0 |
| 008 |
061018s2006 xo o g 000 0 slo |
| 015 |
|
|
|a SNBE2007/01-00442
|
| 040 |
|
|
|a SNK
|b slo
|c SNK
|e AACR2
|
| 041 |
0 |
|
|a slo
|
| 043 |
|
|
|a e-xo---
|
| 044 |
|
|
|a xo
|c SK
|
| 072 |
|
7 |
|a 904
|x Kultúrne pamiatky historického obdobia všeobecne
|2 konspekt
|
| 080 |
|
|
|a (036)
|2 2001
|
| 080 |
|
|
|a 904(437.6)
|2 2001
|
| 245 |
0 |
0 |
|a Historické pamiatky
|b [Považská Bystrica
|c f foto: Dana Mahútová, František Krupa]
|
| 250 |
|
|
|a [1. vyd.]
|
| 260 |
|
|
|a Považská Bystrica
|b PX CENTRUM
|c 2006
|
| 300 |
|
|
|a 1 skladačka ([6] s.)
|b fotogr.
|c 21 x 10 cm
|
| 500 |
|
|
|a Názov z obalu
|
| 500 |
|
|
|a Na obale: Dovolenka v pohybe v Považskej Bystrici
|
| 650 |
0 |
7 |
|a kultúrne pamiatky
|2 SNKPH
|9 2862
|
| 650 |
0 |
7 |
|a cestovný ruch
|2 SNKPH
|9 999
|
| 651 |
|
7 |
|a Považská Bystrica (Slovensko : okres)
|2 SNKPH
|9 51831
|
| 655 |
|
7 |
|a prospekty
|2 SNKPH
|9 62175
|
| 700 |
1 |
|
|a Mahútová, Dana
|4 pht
|9 305462
|
| 700 |
1 |
|
|a Krupa, František
|4 pht
|9 534903
|
| 999 |
|
|
|c 825352
|d 827282
|
| 952 |
|
|
|a SNK
|b SNK
|y PREZ
|7 0
|p 17A0526196
|o snkOSC 23710
|i snk2006/21110
|8 0
|0 0
|1 0
|4 0
|d 2006-10-18
|l 0
|r 2026-02-24 03:19:11
|w 2026-02-24
|